Quizzes
Events
Quiz Creation
Community
Videos
Private Events
Remove Ads
Sign In
Join for FREE
Feedback
Dark Mode
Quiz Categories
Sports
Geography
Music
Movies
Television
Just For Fun
Miscellaneous
History
Literature
Language
Science
Gaming
Entertainment
Religion
Holiday
For Kids
Quiz Lab
Recent
Popular Today
Quiz Kudos Today
Editor Picks
Curator Picks
Quizzes by...
Day
Popularity
Type
Ratings
Length
Year
Community
Subscriptions
Recent Discussions
Orange Saloon
Badges
Playlists
Quests
Create
Leaderboards
Showdown
Live 5
Trivia Bingo
Activity
Puzzle Library
Sporcle Events
Private Events
Virtual Trivia
Globe League
Become a Host
Pub Owners
SporcleCon
Opinionation
Our Games
Videos
Blog
Mobile Apps
Partnerships
Remove Ads and Go Orange
Feedback
Music
Pop Music
The Beatles
Song
Album
Lyrics
Bands
Singers
Artist
Clip
Rock
Rap
Classical
Billboard
Country Music
Kpop
Taylor Swift
Music
Pop Music
The Beatles
Song
Album
Lyrics
Bands
Singers
Artist
Clip
Rock
Rap
Classical
Billboard
Country Music
Kpop
Taylor Swift
Random Quiz
Search Sporcle
×
Quiz Lab
Quiz Lab
Music
Kpop
Type answers based on single images at one time
Type answers based on single images at one time
Slideshow
Best Score? Go Orange.
Guess my kpop biases and bias wreckers (Male) Stats
Can you name the Guess my kpop biases and bias wreckers (Male)?
By
elfikra
15m
37 Questions
934 Plays
934 Plays
934 Plays
Comments
Comments
Give Quiz Kudos
Give Quiz Kudos
-
- Ratings
hide this ad
More Info
No Peeking
Image is hidden before quiz starts
Image is hidden before quiz starts
Replay
Link that replays current quiz
Next Quiz
Link to next quiz in quiz playlist
You Got
0%
They Got
Avg Score
61%
Avg Friend Score
Upgrade to see
Score Distribution
Jump to the score distribution portion of the page
Score
0/37
Timer
15:00
0
Plays Today
% Correct
Suga
99%
Jin
97.6%
Mark
91.1%
JB
90%
Youngjae
88.3%
Lay
87.3%
Suho
83.9%
Chanyeol
83.9%
Jun
81.4%
Joshua
79.2%
Onew
78.7%
Taeyong
76.8%
Mingyu
76.2%
Jonghyun
76%
IM
75.1%
Wonwoo
74.4%
Wonho
74.1%
Johnny
69.1%
Ten
68.8%
% Correct
Rocky
68.5%
Jinjin
66.5%
MJ
65.8%
Yuta
65.7%
Winwin
64.2%
Haechan
63.8%
Hongbin
63.6%
Hyuk
63.4%
Jaehyun
62.9%
Ravi
61.8%
Kun
42.1%
Yan An
37.5%
Wooseok
37.1%
Taeyang
36.5%
Hwiyoung
31%
Byungchan
25.7%
Chan
22.6%
Seungwoo
20.8%
Quiz Playlist
Details
Report
Send in Message
Add To Playlist
More Info:
made on 21/04/17 i used stage names. yes i have a lot of biaswreckers what can i say?
Slideshow:
Type answers based on single images at one time
No Peeking:
Image is hidden before quiz starts
Last Updated: May 28, 2017
Quiz Scoreboard
CHALLENGE
Sign Up to Join the Scoreboard
Show All
Scores
Hide
Comments
May contain spoilers
Recently Published
An Introduction to Baseball
by treessimontrees
Sports
5m
Movies - When Are They Set?
by FPL_Elf
Movies
5m
Popular People in 1961
by mucciniale
History
6m
More to Explore
Quiz From the Vault
Featured Blog Post
Where Did the Easter Bunny Come From?
hide this ad
You Might Also Like...
Tags
Kpop Quiz
astro
bias
BTS
Exo
Got7
Kpop Quiz
Monsta X
NCT
Seventeen
SHINee
VIXX
Today's Top Quizzes in Music
Browse Music
hide this ad
Today's Top Quizzes in Kpop
Browse Kpop
Top Contributed Quizzes in Music
1
Taylor Swift All Songs (2024)
2
Guess the Artist- 70s Songs
3
One Thing in Common: Music
4
KPOP LOGIC QUIZ
5
2010s Album by Cover III
6
Taylor Swift Logic Puzzle
7
Guess the Taylor Swift song (Mystery Song)
8
7-to-1: Billboard Hot 100 #1 Hits of 2010s
9
2010s Album by Cover IV
10
2010s Album by Cover V
Explore More
Trending Topics
Crossword
Kpop
NBA
Harry Potter
Marvel
Anime
Disney
Pokémon
Soccer
WWE
The Office
Song
Country
NFL
Puzzle
hide this ad
More By:
elfikra
Quiz
Plays
Rating
Category
Featured
Created
NCT quiz
3,227
4.00
Music
Jun 10, 2017
Do we have the same kpop bias? :D
2,473
4.71
Music
Aug 15, 2017
Eye smiles in Kpop (male)
1,595
3.89
Music
May 18, 2017
Kpop Sunshines (male)
1,509
4.40
Music
May 28, 2017
Guess my kpop biases and bias wreckers (Male)
934
4.00
Music
Apr 21, 2017
Go to Creator's Profile
Score Distribution
Quiz Creator Spotlight
elfikra
Follow
Send a Message
Quizzes Created
-
Created Quiz Play Count
-
More By This Creator
Popular Quizzes Today
1
Find the Countries of Europe - No Outlines Minefield
2
Find the US States - No Outlines Minefield
3
The Countries of the World
4
Popular People in 1961
5
Find the US States
6
US States
7
1-10 Letter E Words III
8
Risky Map Clicking: Biggest States A-Z
More Music Quizzes
Billboard Top Hot 100 Songs 1985
Quiz Lab
Trending Quizzes
Risky Map Clicking: Least Populous States A-Z
1-10 Letter F Words
1-10 Letter G Words
Not Quite an Element Typing Challenge
One Thing in Common: United Kingdom
Recently Updated
Leaping Animals
pecheneg
Reality TV Shows (A-Z)
bhenderson79
Rickey Henderson's Hall of Fame Teammates
pecheneg
Champions League XIs: Arsenal
pecheneg
Quick Pick: Celebrities in WWE's Hall of Fame
aduchscher
A-Z Keypad Blitz II
pecheneg
Multiple Oscar Actors
pecheneg
Mystery Phrase Blitz: Oscar 'Best Actors'
pecheneg
F. Scott Fitzgerald Novels
LTH
Pick 3 Villains
ddd62291
Trending Topics
Harry Potter
Anime
NBA
Marvel
Kpop
Crossword
Disney
Song
Soccer
Country
Puzzle
Pokémon
NFL
The Office
WWE
Your Account Isn't Verified!
In order to create a playlist on Sporcle, you need to verify the email address you used during registration. Go to your
Sporcle Settings
to finish the process.
Report this User
Report this user for behavior that violates our
Community Guidelines
.
Details:
Send Report
Go to the Sporcle.com Mobile Site →
Comments